000 00357 a2200169 4500
001 50492
020 _a8526246569
040 _cAnchieta - Bela Vista
100 _aAndrade, Telma GuimarĂ£es Castro
240 1 0 _aHamlet
_lpor
245 1 0 _aHamlet
300 _a48
362 0 _a2002
440 1 _aScipione
650 4 _aLiteratura juvenil
942 _cBK
999 _c50492
_d50492